000 00305nam a2200133Ia 4500
008 150301s2004 xx 000 0 und d
082 _a641.3
_bIGO
100 _aIGOE, R.S.
245 _aDICTIONARY OF FOOD INGREDIENTS
250 _a3RD
260 _bCBS- DELHI.
_c2004
300 _a200
942 _2ddc
_cBK
999 _c7015
_d7015